| 000 | 00496nam a2200181Ia 4500 | ||
|---|---|---|---|
| 003 | GCL | ||
| 008 | 140319s9999 xx 000 0 ara d | ||
| 040 |
_aGCL / _cGCL |
||
| 082 | 0 | 4 |
_a810.99531 _bب ا |
| 100 | 1 | _aباقر بو خميس | |
| 245 | 1 | 0 |
_aمودة الال فى الادب العربى / _cباقر بو خميس |
| 300 | _a136 | ||
| 490 |
_a100 قصة _v0 |
||
| 650 | 0 | 4 | _aالادب العربى |
| 650 | 0 | 4 | _aالسعودية |
| 650 | 0 | 4 | _aالمجموعات |
| 942 |
_2ddc _cBK |
||
| 999 |
_c44207 _d44207 |
||